| 000 | 00976nam a2200241 4500 | ||
|---|---|---|---|
| 001 | 123327 | ||
| 003 | ES-MaACL | ||
| 005 | 20250815053920.0 | ||
| 007 | t| | ||
| 008 | 070214s1910 sp r ||||1| spa d | ||
| 245 | 0 | 4 |
_aLes question actuelles de politique étrangère en Asie : _bconférences organisées par la Société des anciens éléves de l'Ecole libre des sciences politiques. |
| 260 |
_aParis : _bFélix Alcan, _c1910. |
||
| 300 |
_a262 p., 4 mapas ; _c19 cm. |
||
| 490 | 1 | _aBibliothèque d'histoire contemporaine | |
| 505 | 8 | _aContiene: L'Asie ottomane, les compétitions dans l'Asie centrale | |
| 651 | 4 |
_aAsia- _xRelaciones- _zEuropa. _9172904 |
|
| 651 | 4 |
_aTurquía- _xHistoria- _y1288-1918, Otomanos. _9150891 |
|
| 651 | 7 |
_aAsia central- _xHistoria _2 _9145397 |
|
| 710 | 2 |
_aÉcole libre des sciences politiques (Paris) _93414 |
|
| 830 | 1 |
_aBibliothèque d'histoire contemporaine _9180875 |
|
| 852 |
_aES-MaACL _jG-7390 |
||
| 999 |
_c123327 _d123327 |
||